[Event "Elitserien Allsvenskan 2017-18"]
[Site "Lund"]
[Date "2017.10.20"]
[Round "1"]
[White "Sagit, Rauan"]
[Black "Lyrberg, Patrik"]
[Result "1-0"]
[WhiteElo "2413"]
[BlackElo "2460"]
[Annotator "TA"]
[PlyCount "97"]
[EventDate "2017.??.??"]
[EventCountry "SWE"]
[SourceTitle "playchess.com"]
[Source "ChessBase"]
[SourceQuality "1"]

{[%evp 20,97,8,8,22,25,25,13,33,36,41,34,36,26,22,23,41,34,32,38,81,83,102,94,137,132,141,109,189,190,210,212,187,188,193,182,269,241,298,314,302,298,288,250,239,256,255,244,309,294,341,330,374,324,307,325,320,180,471,325,351,339,324,337,417,397,403,359,340,288,310,302,512,524,727,777,769,739,1708,1625]} 1. Nf3 d5 2. g3 c6 3. Bg2 Nf6 4. b3 Bf5 5. Bb2 a5 6. a3 e6 7. O-O h6 8. d3 Be7 9. Nbd2 O-O 10. Qe1 Bh7 11. e4 c5 {A07: Réti Opening: New York and Capablanca Systems} 12. a4 (12. Ne5 Nc6 13. Nxc6 bxc6 14. f4 a4 15. Kh1 Re8 16. Qe2 Qb6 17. Rae1 Nd7 18. g4 Bf8 19. g5 hxg5 20. fxg5 axb3 21. cxb3 {1-0 (33) Li,C (2720)-Mareco,S (2664) chess.com INT 2017}) 12... Nc6 13. Qe2 Qb6 {The position is equal.} 14. Ne5 {[#]} Nb4 $146 ({Predecessor:} 14... Nd4 15. Qd1 Rfd8 16. exd5 exd5 17. Re1 Re8 18. Nef3 {0-1 (37) Adu,O (2276)-Rakhmanov,A (2559) Abu Dhabi 2009}) 15. Rac1 Rfe8 16. Rfe1 Rad8 17. h3 Qa6 18. Kh2 Bf8 19. f4 dxe4 20. dxe4 Qxe2 21. Rxe2 Nd7 22. Nec4 b6 23. Nf1 Nb8 (23... Nc6 $16 {keeps fighting.}) 24. Nxb6 $18 N8c6 25. Nc4 g5 26. Nfe3 gxf4 27. gxf4 h5 (27... Be7 $142 28. Rg1 Kf8) 28. Rf2 Bh6 29. Rg1 Kf8 30. Bf6 Rd4 31. Bxd4 cxd4 32. Nd1 {[%cal Be3d1,Bd1b2,Bb2d3][%mdl 32]} Rd8 33. Ndb2 Na2 34. Nd3 Nc3 35. Re1 Ke7 36. e5 Bxd3 37. cxd3 Nb4 38. Rf3 ({Not} 38. Nxa5 Nxd3 39. Nc6+ Ke8 $11) (38. Ref1 $142) 38... Rd5 $2 {[#]} (38... Ncd5 {is a better defense.} 39. Nxa5 Bxf4+ 40. Kh1 Bh6) 39. Ref1 f5 40. exf6+ Kxf6 41. h4 Rc5 42. Bh3 Ncd5 43. Kh1 Nc2 44. Nd2 {[#] Ne4+ is the strong threat.} Ke7 {Black hopes to continue with ...Nce3.} 45. Ne4 Rc3 $2 (45... Rc6 46. f5 Nce3) 46. f5 {[%cal Bf4f5,Bf5f6][%mdl 32] White is clearly winning.} e5 47. f6+ Kf8 48. Be6 Nf4 49. Rxf4 {Precision: White = 76%, Black = 40%.} 1-0

[Event "Elitserien Allsvenskan 2017-18"]
[Site "Lund"]
[Date "2017.10.20"]
[Round "1"]
[White "Bator, Robert"]
[Black "Bejtovic, Jasmin"]
[Result "1/2-1/2"]
[WhiteElo "2401"]
[BlackElo "2358"]
[Annotator "TA"]
[PlyCount "104"]
[EventDate "2017.??.??"]
[EventCountry "SWE"]
[SourceTitle "playchess.com"]
[Source "ChessBase"]
[SourceQuality "1"]

{[%evp 20,104,27,16,52,37,58,19,23,21,41,25,22,12,25,15,25,31,76,75,76,80,89,79,152,155,158,158,147,152,166,164,163,148,148,136,147,111,111,117,112,112,114,114,127,56,58,66,124,68,70,68,77,0,0,0,0,0,0,-240,-247,-245,-242,-253,-253,-266,-252,-738,-227,-227,-212,-247,-238,-218,0,-208,0,0,0,0,0,0,0,0,0,0,0]} 1. d4 Nf6 2. Nf3 g6 3. c4 Bg7 4. g3 O-O 5. Bg2 d6 6. O-O c5 7. d5 b5 8. cxb5 a6 9. bxa6 Bf5 {E60: King's Indian: Unusual lines and Fianchetto Variation without Nc3} 10. Ne1 Nxa6 11. Nc3 {LiveBook: 5 Games} Nc7 $146 ({Predecessor:} 11... Qb6 12. Nc2 Rfb8 13. Ne3 Bc8 14. h3 Nd7 15. Na4 Qb5 16. Nc3 Qb6 17. Qd2 Nc7 18. b3 {½-½ (81) Caruana,F (2791)-Grischuk,A (2792) Dubai 2014}) 12. e4 Bc8 13. Nd3 Ba6 14. a4 Nd7 {[%cal Bf6d7,Bd7c5,Bc5d3][%mdl 32]} 15. f4 Rb8 16. Re1 c4 17. Nf2 $36 {[%mdl 2048] Black is under pressure.} Nc5 18. Ra2 Nd3 19. Nxd3 cxd3 20. Bf1 $1 Bc4 {And now ...Bxc3 would win.} 21. Ra3 Bd4+ (21... Na6 $142) 22. Kg2 $1 $16 Bc5 23. Ra1 Qd7 24. Bxd3 Bxd3 25. Qxd3 Rb3 26. Re2 Rfb8 27. Ra2 Qc8 28. Be3 Na6 {Strongly threatening ...Nb4.} 29. Bxc5 Nxc5 30. Qd1 Qa6 31. Rd2 R8b4 32. Qe2 (32. a5 $16) 32... Qa5 $14 33. e5 Ne4 (33... Kf8 $14) 34. Rd3 ({Much worse is} 34. Nxe4 $6 Rxe4 35. Qd1 (35. Qxe4 Qxd2+ 36. Kh3 Qd1 $11) 35... dxe5 $11) ({White should try} 34. exd6 $1 $16 exd6 35. Rd3 (35. Nxe4 Rxe4 36. Qd1 Rxa4 $11)) 34... Nxc3 35. bxc3 Rxa4 36. Rxa4 (36. Rc2 $1 $16) 36... Qxa4 {[%mdl 4096] Endgame KQR-KQR} 37. e6 f5 38. Kh3 Qa1 39. Qf3 $2 (39. Kg2 $11 {and White is okay.}) 39... Rb2 $19 40. Rd1 Qa2 {[%csl Ga2][%cal Rb2h2]} 41. Rh1 {intending Qd3.} Rd2 42. c4 Qxc4 43. Rd1 $2 {[#]} (43. Rg1) 43... Rb2 $2 (43... g5 $1 {[%mdl 512] ( -> ...g4+)} 44. Rxd2 (44. fxg5 Qg4+) 44... g4+ 45. Qxg4+ fxg4+ 46. Kxg4 Qc1) 44. Rg1 Rb3 45. Rc1 Qxc1 46. Qxb3 {[#] KQ-KQ} Qf1+ $1 47. Kh4 {[#] Threatening mate with Qb8+.} Qe2 $2 ({Better is} 47... Qg2 $1 $19 {[%cal Rg2h2]} 48. h3 h6) 48. Kh3 $11 {The position is equal.} Kg7 {aiming for ...Qf1+.} 49. Qb7 Qg4+ 50. Kg2 Qe2+ 51. Kg1 Qe1+ 52. Kg2 Qe2+ {Precision: White = 54%, Black = 61%.} 1/2-1/2

[Event "Elitserien Allsvenskan 2017-18"]
[Site "Lund"]
[Date "2017.10.20"]
[Round "1"]
[White "Hjelm, Niclas"]
[Black "Dragicevic, Drazen"]
[Result "1/2-1/2"]
[WhiteElo "2358"]
[BlackElo "2349"]
[Annotator "TA"]
[PlyCount "87"]
[EventDate "2017.??.??"]
[EventCountry "SWE"]
[SourceTitle "playchess.com"]
[Source "ChessBase"]
[SourceQuality "1"]

{[%evp 15,87,-35,16,14,88,88,93,41,47,54,54,60,61,57,77,67,65,55,78,43,95,95,93,81,93,64,61,64,74,82,82,64,64,64,64,64,58,61,38,43,45,6,6,6,7,7,14,0,0,0,0,0,0,0,0,0,0,0,0,0,0,0,0,0,0,0,0,0,0,0,0,0,0,0]} 1. d4 Nf6 2. c4 g6 3. Nc3 d5 4. Nf3 Bg7 5. Qa4+ Bd7 6. Qb3 dxc4 7. Qxc4 O-O 8. e4 Na6 (8... b5 $15 9. Qb3 (9. Nxb5 Nxe4 10. Be2 Nd6 $11) 9... c5) 9. e5 $11 {D90: Grünfeld: 4 Nf3 Bg7 sidelines} Ng4 (9... Be6 $11 {keeps the balance.} 10. Qa4 (10. exf6 Bxc4 11. fxg7 Kxg7 $15) 10... Nd5) 10. h3 $16 Nh6 11. Be2 ({Better is} 11. Bf4 $16) 11... c6 $1 $14 12. O-O Be6 13. Qa4 Nc7 14. Rd1 f6 15. Bc4 {[#] And now Bxe6+ would win.} Nd5 $146 {Black wants to play ...b5.} ({Predecessor:} 15... Bxc4 16. Qxc4+ {½-½ (121) Leko,P (2751)-Kamsky,G (2720) Nalchik 2009}) 16. Nxd5 Bxd5 17. Bf4 Kh8 (17... Nf5 $14) 18. Bxd5 $16 Qxd5 19. Qb4 Nf5 20. exf6 Bxf6 21. Qxb7 Nxd4 22. Nxd4 Bxd4 23. Be3 e5 24. Rac1 Rab8 25. Qxc6 Qxc6 26. Rxc6 Rxb2 27. Rc7 Kg8 $1 28. Bxd4 exd4 {The position is equal.} 29. Rxd4 {f3 is the strong threat.} Rxa2 $14 {[%mdl 4096] Endgame KRR-KRR} 30. Rdd7 {[#] Threatening mate with Rg7+.} Rfxf2 31. Rg7+ Kf8 32. Rxh7 {[%cal Rh7h8]} Rxg2+ 33. Kf1 {[%cal Rh7h8]} Kg8 34. Rhg7+ Kf8 35. Rcf7+ Ke8 36. Rb7 {[%cal Rg7g8] [#]} Kf8 37. Rgf7+ Kg8 38. Rg7+ Kf8 39. Rgc7 {[%cal Rc7c8]} Rgf2+ 40. Ke1 {[%cal Rc7c8]} Rfe2+ 41. Kd1 Rad2+ 42. Kc1 {aiming for Rb8+.} Ra2 {[%cal Re2e1]} 43. Kb1 Rad2 44. Kc1 {Precision: White = 74%, Black = 75%.} 1/2-1/2

[Event "Elitserien Allsvenskan 2017-18"]
[Site "Lund"]
[Date "2017.10.20"]
[Round "1"]
[White "Engqvist, Thomas"]
[Black "Ziegler, Ari"]
[Result "0-1"]
[WhiteElo "2352"]
[BlackElo "2319"]
[Annotator "NA"]
[PlyCount "104"]
[EventDate "2017.??.??"]
[EventCountry "SWE"]
[SourceTitle "playchess.com"]
[Source "ChessBase"]
[SourceQuality "1"]
[TimeControl "40/5400+30:1800+30"]

1. Nf3 {[%emt 0:00:00]} g6 2. e4 {[%emt 0:00:16]} Bg7 {[%emt 0:00:35]} 3. d4 {[%emt 0:00:33]} d6 {[%emt 0:01:58]} 4. c3 {[%emt 0:02:23]} Nf6 {[%emt 0:00:42]} 5. Qc2 {[%emt 0:01:58]} O-O {B06: Modern Defence} 6. h3 {[%emt 0:00:51]} (6. Be2 Nbd7 7. O-O e5 8. dxe5 dxe5 9. Rd1 Qe7 10. Bg5 h6 11. Bh4 b6 12. Nbd2 Bb7 13. b4 g5 14. Bg3 Nh5 {1-0 (46) Kovalenko,I (2587)-Mamedyarov,S (2747) Jurmala 2012}) 6... b6 {[%emt 0:03:23]} 7. Be3 {[%emt 0:01:21]} Bb7 {[%emt 0:01:14]} 8. Nbd2 {[%emt 0:00:35]} c5 $146 {[%emt 0:03:03]} ({Predecessor:} 8... Nbd7 9. Bd3 e6 10. Bg5 Qc8 11. O-O c5 12. Rac1 Re8 13. Rfe1 {0-1 (32) Hazar,Y (1456)-Kantar,C (1400) Konya 2017}) 9. Nh2 {[%emt 0:09:43]} cxd4 {[%emt 0:08:57]} 10. cxd4 {[%emt 0:09:51]} Nbd7 {[%emt 0:02:30]} 11. Ng4 {[%emt 0:07:09]} Rc8 {[%emt 0:08:17]} 12. Qb1 {[%emt 0:14:43]} Rc7 {[%emt 0:08:32]} 13. Bd3 {[%emt 0:08:20]} e5 {[%emt 0:11:05]} 14. d5 {[%emt 0:05:59]} Nc5 {[%emt 0:17:45]} 15. Be2 {[%emt 0:06:19]} h5 {[%emt 0:02:56]} 16. Nh2 {[%emt 0:10:47]} Qc8 {[%emt 0:01:40]} 17. b4 {[%emt 0:03:34]} Na4 {[%emt 0:06:47]} 18. Bd3 {[%emt 0:03:03]} Nc3 {[%emt 0:02:52]} 19. Qb3 {[%emt 0:00:59]} Nfxd5 20. exd5 {[%emt 0:00:22]} Bxd5 {[%emt 0:02:02]} 21. Qa3 {[%emt 0:03:21]} Bxg2 {[%emt 0:02:04]} 22. Rg1 {[%emt 0:00:57]} Qxh3 {[%emt 0:00:35]} 23. Bf1 {[%emt 0:04:43]} Bxf1 {[%emt 0:01:27]} 24. Nhxf1 {[%emt 0:09:12]} d5 {[%emt 0:03:36]} 25. f3 Rfc8 26. Qb3 {[%emt 0:00:50]} Qf5 {[%emt 0:01:18]} 27. Rg2 {[%emt 0:00:48]} d4 {[%emt 0:05:12]} 28. Bg1 {[%emt 0:00:38]} Bh6 {[%emt 0:00:59]} 29. a4 {[%emt 0:00:27]} Bg5 {[%emt 0:01:13]} 30. a5 {[%emt 0:00:05]} Qd3 {[%emt 0:02:01]} 31. Bh2 {[%emt 0:01:26]} Bh4+ {[%emt 0:00:07]} 32. Bg3 {[%emt 0:00:04]} Bxg3+ {[%emt 0:01:56]} 33. Nxg3 Qe3+ {[%emt 0:00:10]} 34. Kf1 {[%emt 0:02:36]} Nd5 35. Qxe3 {[%emt 0:02:55]} Nxe3+ {[%emt 0:00:36]} 36. Kf2 {[%emt 0:00:09]} Nxg2 {[%emt 0:00:16]} 37. Kxg2 {[%emt 0:00:00]} Rc2 {[%emt 0:00:13]} 38. Ngf1 Rb2 39. axb6 {[%emt 0:01:30]} axb6 {[%emt 0:00:35]} 40. Kg3 {[%emt 0:01:10]} Rcc2 {[%emt 0:33:12]} 41. Ne4 {[%emt 0:00:00]} Rg2+ {[%emt 0:00:00]} 42. Kh3 {[%emt 0:00:00]} f5 {[%emt 0:00:00]} 43. Ra8+ {[%emt 0:00:43]} Kg7 {[%emt 0:00:00]} 44. Ra7+ {[%emt 0:06:42]} Kh6 {[%emt 0:00:00]} 45. Nf6 {[%emt 0:01:12]} Kg5 {[%emt 0:00:00]} (45... Rgf2 $142 46. Ra1 Rxf3+ 47. Ng3 f4) 46. Nd5 {[%emt 0:01:42]} h4 {[%emt 0:00:00]} 47. Nc7 {[%emt 0:09:26]} Rg1 {[%emt 0:00:00]} 48. Ne6+ {[%emt 0:01:56]} Kf6 {[%emt 0:00:00]} 49. Kxh4 {[%emt 0:01:16]} Rxf1 50. Nf8 Rh1+ {[%emt 0:00:00]} 51. Kg3 {[%emt 0:00:34]} f4+ {[%emt 0:00:00]} 52. Kg4 {[%emt 0:00:05]} Rg2# 0-1

[Event "Elitserien Allsvenskan 2017-18"]
[Site "Lund"]
[Date "2017.10.20"]
[Round "1"]
[White "Aronsson, Marten"]
[Black "Berg, Emanuel"]
[Result "0-1"]
[WhiteElo "2326"]
[BlackElo "2551"]
[Annotator "TA RC"]
[PlyCount "100"]
[EventDate "2017.??.??"]
[EventCountry "SWE"]
[SourceTitle "playchess.com"]
[Source "ChessBase"]
[SourceQuality "1"]

{[%evp 12,100,6,2,5,13,30,39,39,42,45,-13,-5,-5,-6,-6,-8,-5,-15,-11,-17,-66,-58,-65,-47,-51,-48,-66,-53,-65,-52,-70,-76,-90,-101,-98,-101,-100,-113,-112,-106,-103,-100,-100,-100,-98,-89,-101,-98,-106,-51,-88,-97,-95,-39,-52,-41,-131,-130,-131,-139,-209,-197,-322,-337,-306,0,-141,-139,-144,-139,-145,-119,-277,-281,-245,-244,-289,-283,-1019,-1005,-29986,-29987,-29987,-29988,-29988,-29989,-29995,-29996,-29996,-29997]} 1. d4 Nf6 2. Nf3 e6 3. g3 b5 4. Bg2 d5 5. O-O Be7 6. b3 {A46: 1 d4 Nf6 2 Nf3 e6: Torre, London and Colle Systems} (6. Nbd2 Bb7 7. Ne5 Nbd7 8. c4 bxc4 9. Ndxc4 c5 10. Bf4 O-O 11. Rc1 Rc8 12. Qa4 Nxe5 13. dxe5 Bc6 {½-½ (33) Radjabov,T (2738)-Aronian,L (2784) Berlin 2015}) 6... O-O 7. c4 {LiveBook: 4 Games} bxc4 8. bxc4 {The position is equal.} c6 9. Qa4 $146 ({Predecessor:} 9. Ne5 Nfd7 10. Nxd7 Nxd7 11. cxd5 cxd5 12. Nc3 Nf6 13. Bd2 Bd7 14. e4 Nxe4 15. Nxe4 dxe4 16. Bxe4 Rc8 17. Be3 Bc6 18. Bxc6 Rxc6 {½-½ (18) Radusinovic,L (2357)-Stankovic,M (2416) Dvorovi 2016}) 9... Ba6 10. Nbd2 Nfd7 11. cxd5 (11. Qc2 $14) 11... cxd5 12. Re1 Nb6 13. Qb3 Nc6 14. Ba3 Rc8 15. Bxe7 Qxe7 16. e4 dxe4 17. Nxe4 Bc4 $36 {[%mdl 2048] Black has good play.} 18. Qb2 Rfd8 19. a3 h6 20. Ned2 Bd5 21. Rac1 Qf6 22. Ne4 Bxe4 $1 23. Rxe4 {[#]} Nxd4 $1 {[%mdl 512]} 24. Nxd4 {Hoping for Rxc8.} (24. Rxd4 Rxc1+) 24... Rxc1+ 25. Qxc1 {aiming for Nc6.} Rxd4 26. h3 Rxe4 27. Bxe4 Qd4 28. Qf4 {White wants to mate with Qb8+.} f5 29. Qb8+ Kh7 30. Bf3 Qd7 (30... Nc4 $17 31. Be2 Nd6) 31. Kg2 Nc4 32. Bh5 g6 (32... Nd2 $17 {And now ...Qd3 would win.} 33. Qe8 Qxe8 34. Bxe8 e5) 33. Be2 $15 Nxa3 34. Qf8 ({Better is} 34. Qb2 $15 Qc6+ 35. Kg1) 34... Nc2 $17 35. Bb5 Qb7+ ({Much weaker is} 35... Qxb5 $6 36. Qf7+ Kh8 37. Qf8+ Kh7 38. Qf7+ Kh8 39. Qf8+ Kh7 $11) 36. Kh2 {[#]} (36. Kg1 $17 {is a better defense.}) 36... Nd4 $1 $19 {[%cal Rd4f3]} 37. Be8 (37. Ba6 $142 Qc7 38. Qf6) 37... Nf3+ 38. Kg2 {intending Bc6!} Nd4+ (38... Nh4+ $19 39. Kf1 Qh1+ 40. Ke2 Qf3+ 41. Kd2 Qxf2+ 42. Kc1 Qf1+ 43. Kc2 Qe2+ 44. Kb3 Qd3+ 45. Ka2 Qa6+ 46. Kb3 Qb7+ 47. Ka2 Nf3) 39. Kh2 $17 Qg7 40. Qd6 e5 {[%cal Be6e5,Be5e4,Be4e3][%mdl 32]} 41. h4 {[#]} h5 $1 42. f4 $2 (42. Kh3 $17 {keeps fighting.}) 42... Nf3+ $19 43. Kh3 e4 {Threatens to win with ...e3.} 44. Qe6 Kh6 45. Qd6 $2 (45. Bf7) 45... e3 46. Bxg6 Qxg6 {Black mates.} 47. Qf8+ Qg7 48. Qd6+ Kh7 49. Qe6 Qg4+ 50. Kg2 Ne1+ {Precision: White = 49%, Black = 72%.} 0-1

[Event "Elitserien Allsvenskan 2017-18"]
[Site "Lund"]
[Date "2017.10.20"]
[Round "1"]
[White "Henriksson, Johan"]
[Black "Cramling, Dan"]
[Result "1-0"]
[WhiteElo "2292"]
[BlackElo "2383"]
[Annotator "TA"]
[PlyCount "69"]
[EventDate "2017.??.??"]
[EventCountry "SWE"]
[SourceTitle "playchess.com"]
[Source "ChessBase"]
[SourceQuality "1"]

{[%evp 22,69,31,0,6,0,10,-14,0,3,13,0,27,28,79,76,103,75,78,62,129,100,77,77,122,83,170,200,183,166,175,134,204,194,189,187,172,154,248,170,406,392,429,428,492,476,576,479,29998,29999]} 1. d4 Nf6 2. c4 c5 3. Nf3 cxd4 4. Nxd4 e5 5. Nb5 d5 6. cxd5 Bc5 7. N5c3 O-O 8. g3 Qb6 {A31: Symmetrical English: 2 Nf3 Nf6 3 d4} 9. e3 Bg4 10. Be2 Bxe2 11. Qxe2 e4 12. Nd2 {LiveBook: 6 Games} (12. a3 Nbd7 13. Nd2 Rfe8 14. b4 Bf8 15. O-O Qc7 16. Bb2 {1-0 (37) Aronian,L (2741)-Sutovsky,E (2655) Heraklio 2007}) 12... Bb4 13. O-O Re8 $1 14. Qc4 {[%cal Rd2e4]} (14. Rd1 {keeps more tension.} Nbd7 15. Rb1 Qd6 16. Nb5 Qb6 17. d6) 14... Bxc3 15. bxc3 Qd6 16. Rd1 Nbd7 $146 17. Qd4 $36 {[%mdl 2048] Black is under pressure.} Nb6 (17... Ne5 $11) 18. c4 $16 {[#] Strongly threatening c5.} Qd7 19. Bb2 Qh3 20. Rac1 h5 (20... Rac8 $14) 21. f4 Rac8 22. Nf1 Qd7 23. d6 {Threatens to win with c5.} Qe6 (23... Na4 $16) 24. c5 $18 Nbd7 {[#]} 25. Qb4 $1 Rb8 26. Qa4 a6 (26... Rec8 $16) 27. Bd4 Rec8 28. Rd2 {[%cal Bd1d2,Bd2b2,Bb2b7][%mdl 32]} Rc6 29. Rb2 {Hoping for Rxb7!} Ne8 (29... b5 $16 30. Qb4 Nd5) 30. Rxb7 Rbc8 $2 (30... Rxc5 31. Rcb1 (31. Bxc5 Rxb7 32. Bd4 Rb8 $18) (31. Rxc5 Nxc5 32. f5 Qxf5 $16) (31. f5 Qxf5 32. Rxc5 Nxc5 $16) 31... Rcc8) 31. Qb3 Qf5 {intending ...Nxd6.} 32. Rc3 h4 33. gxh4 Nef6 34. Bxf6 Nxf6 (34... gxf6 $18 35. Ng3 Qg4) 35. Qxf7+ {Precision: White = 68%, Black = 35%.} 1-0

[Event "Elitserien Allsvenskan 2017-18"]
[Site "Lund"]
[Date "2017.10.20"]
[Round "1"]
[White "Ong, Kezli"]
[Black "Cuenca Jimenez, Jose Fernando"]
[Result "0-1"]
[WhiteElo "2291"]
[BlackElo "2490"]
[Annotator "TA"]
[PlyCount "78"]
[EventDate "2017.??.??"]
[EventCountry "SWE"]
[SourceTitle "playchess.com"]
[Source "ChessBase"]
[SourceQuality "1"]

{[%evp 13,78,-6,0,-9,-13,-77,-81,-101,-94,-93,-90,-95,-97,-123,-119,-121,-106,-92,-98,-159,-167,-207,-126,-98,-92,-189,-148,-142,-141,-150,-141,-148,-142,-217,-224,-228,-220,-307,-303,-403,-384,-445,-339,-342,-330,-752,-549,-785,-770,-957,-937,-2375,-2117,-29988,-29989,-29989,-29990,-29992,-29993,-29993,-29994,-29994,-29995,-29995,-29996,-29996,-29997]} 1. e4 e6 2. d3 c5 3. Nf3 Nc6 4. g3 g6 5. Bg2 Bg7 6. O-O Nge7 7. Re1 d6 8. h4 {A04: Unusual lines after 1 Nf3 and King's Indian Attack} e5 9. h5 $146 (9. a3 $11) ({Predecessor:} 9. Be3 O-O 10. Qd2 f5 11. Nc3 Nd4 12. Bg5 Be6 13. exf5 gxf5 14. Nxd4 cxd4 15. Nd5 Bxd5 16. Bxd5+ {½-½ (48) Pablo Marin,A (2345)-Kasparov,G (2710) Barcelona 1984}) 9... gxh5 $17 10. Bg5 {Black is better.} f6 11. Be3 Bg4 12. Qd2 O-O 13. c3 Ng6 14. Na3 f5 15. exf5 Bxf5 ({Reject} 15... Rxf5 $6 16. Ng5 $11) 16. Bg5 (16. Ng5 $142) 16... Qd7 17. Nc4 Kh8 18. Ne3 Be6 19. c4 (19. Qe2 $17) 19... h6 20. Nh4 Nxh4 21. Bxh4 Nd4 22. Nd5 Bg4 23. f4 (23. Nf6 $17 {was necessary.} Qf7 24. Nxg4 hxg4 25. Rab1) 23... Nf3+ $19 24. Bxf3 Bxf3 25. Rf1 {[#]} Bxd5 $1 26. cxd5 exf4 27. Kg2 fxg3 {Threatens to win with ...Qg4.} 28. Bxg3 Rf5 29. Qe2 $2 (29. Rxf5 Qxf5 30. Re1) 29... Rxd5 30. Rae1 Rg5 {Hoping for ...Be5.} 31. Kh2 {[#]} Rxg3 $1 32. Kxg3 Be5+ 33. Kh4 Qe7+ {Black mates.} 34. Kh3 Qe6+ 35. Kh4 Rg8 36. Rf4 Bf6+ 37. Rxf6 Qxf6+ 38. Kh3 Qf5+ 39. Kh2 Qf4+ {Precision: White = 24%, Black = 86%.} 0-1

[Event "Elitserien Allsvenskan 2017-18"]
[Site "Lund"]
[Date "2017.10.20"]
[Round "1"]
[White "Andersson, Fredrik"]
[Black "Westerberg, Jonathan"]
[Result "0-1"]
[WhiteElo "2286"]
[BlackElo "2500"]
[Annotator "TA"]
[PlyCount "93"]
[EventDate "2017.??.??"]
[EventCountry "SWE"]
[SourceTitle "playchess.com"]
[Source "ChessBase"]
[SourceQuality "1"]

{[%evp 14,93,0,8,42,-23,-19,-19,-19,-19,-16,-18,0,-33,-25,-36,0,-12,-19,-12,-11,-18,0,-26,-37,-39,-26,-33,-26,-22,-8,-12,-4,-32,-29,-32,-22,-35,-49,-36,-29,-16,-18,-20,-7,-7,0,-3,0,-23,-29,-38,-10,-35,0,0,0,-8,-9,-20,-20,-29,-29,-36,-29,-131,-131,-130,-130,-210,-189,-283,-242,-620,-569,-742,-720,-715,-645,-982,-949,-1989]} 1. d4 Nf6 2. c4 e6 3. Nf3 d5 4. Nc3 dxc4 5. e3 a6 6. Bxc4 b5 7. Bb3 Bb7 8. O-O {LiveBook: 172 Partien. D26: Angenommenes Damengambit} Bd6 (8... Nbd7 9. e4 b4 10. e5 bxc3 11. exf6 cxb2 12. fxg7 Bxg7 13. Bxb2 O-O 14. Rc1 c5 15. Ba3 Bxf3 16. Qxf3 Bxd4 {0-1 (43) Jankovic,A (2591)-Grandelius,N (2643) Tallinn 2016}) 9. a3 (9. Qe2 $14) 9... Nbd7 10. Qe2 $146 {Die Stellung ist ausgeglichen.} ({Vorgänger:} 10. Re1 c5 11. Bd2 Qc7 12. h3 O-O 13. Rc1 c4 14. Bc2 {0-1 (28) Ben Fredj,M (1375)-Ben Said,S (1637) Hammamet 2015}) 10... c5 11. e4 {Droht e5.} cxd4 12. Nxd4 O-O 13. Bg5 (13. Rd1 $5 {[%cal Rd4e6]} Qc7 14. g3 $15) 13... Qb8 14. h3 Bh2+ 15. Kh1 Bf4 16. Bxf4 Qxf4 17. Rfe1 Rac8 18. Qe3 (18. Kg1 {looks sharper.} Nc5 19. Bc2 Rfd8 20. Rad1 Qh6 21. Bb1) 18... Qxe3 19. Rxe3 Nc5 20. Bc2 Rfd8 21. Rd1 e5 22. Nf5 Rxd1+ 23. Bxd1 {Se7+ ist eine echte Drohung.} (23. Nxd1 $5 {[%cal Rf5e7]} Rd8 24. f3 $15) 23... Rd8 {[%cal Rf6e4]} 24. f3 g6 25. Nh6+ Kg7 26. Ng4 Nxg4 27. hxg4 Nd3 28. Re2 $1 b4 29. axb4 Nxb4 30. Bb3 Rd4 31. Na4 Bc6 32. Nc3 a5 33. Ba4 Bb7 34. Bb5 Bc8 35. Kg1 Be6 36. Kf2 Bb3 37. Ke3 Nc2+ 38. Kf2 Rb4 {Weiss muss nun ...Sd4 beachten.} 39. Bd3 (39. Rd2 $11 {bleibt in der Remisbreite.}) 39... Nd4 $17 40. Rd2 {[#]} Bc2 $1 {[%cal Rc2d3][%mdl 512] zielt auf ...Lxd3 ab.} 41. Nd5 (41. Bb5 $17) (41. Rxc2 Nxc2) 41... Rxb2 $19 42. Ne3 {[#]} (42. Nc3 $142) 42... a4 $1 {[%cal Ba5a4,Ba4a3,Ba3a2][%mdl 32] Und ...a3 würde nun gewinnen.} 43. Nxc2 $2 {[#]} (43. Nc4 Rb4 44. Bxc2 Rxc4 45. Bb1) 43... a3 $1 {[%mdl 512] Schwarz steht klar auf Gewinn.} 44. Ke3 {[#]} (44. Nxa3 Rxd2+) 44... Rxc2 $1 {[%mdl 512]} 45. Rd1 (45. Rxc2 Nxc2+) 45... a2 46. Ra1 Rxg2 {Droht ...Te2+! und aus.} 47. f4 {Precision: Weiß = 34%, Schwarz = 58%.} 0-1